Thi pháp ngôn ngữ trong dân ca Quảng Trị

Quảng Trị - mảnh đất ,con người và văn hóa dân gian...Một số đặc điểm về nội dung lời ca...Đặc trưng thi pháp ngôn từ dân ca tỉnh Quảng Trị...

Spremljeno u:
Bibliografski detalji
Glavni autor: Hoàng, Chân Phương
Daljnji autori: Lê, Đức Luận Người hướng dẫn (GVC.TS)
Format: Knjiga
Jezik:Vietnamese
Izdano: Đại học Sư Phạm Đại học Đà Nẵng 2011
Teme:
Oznake: Dodaj oznaku
Bez oznaka, Budi prvi tko označuje ovaj zapis!
Thư viện lưu trữ: Mạng thư viện Đại học Đà Nẵng
LEADER 01348nam a2200325 4500
001 000011126
003 7357
005 20120202090249.0
008 120202s2011 viesd
041 |a vie 
072 |a Khóa luận tốt nghiệp - Cử nhân văn học 
082 |a 398.8  |b HO-P 
100 1 |a Hoàng, Chân Phương 
245 1 |a Thi pháp ngôn ngữ trong dân ca Quảng Trị  |c Hoàng, Chân Phương 
260 |a Đại học Sư Phạm  |b Đại học Đà Nẵng  |c 2011 
300 |a 64 tr.  |c 29 cm. 
500 |a Khóa luận tốt nghiệp 
520 |a Quảng Trị - mảnh đất ,con người và văn hóa dân gian...Một số đặc điểm về nội dung lời ca...Đặc trưng thi pháp ngôn từ dân ca tỉnh Quảng Trị... 
653 |a Quảng Trị  |a Dân ca 
700 |a Lê, Đức Luận  |c Người hướng dẫn  |e GVC.TS 
OWN |a LSP 
AVA |a UDN50  |b LSP  |d 398.8 HO-P  |e available  |t Error 5001 Not defined in file expand_doc_bib_avail.  |f 1  |g 0  |h N  |i 0  |k 1 
999 |a From the UDN01 
AVA |a UDN50  |b LSP  |d 398.8 HO-P  |e available  |t Error 5001 Not defined in file expand_doc_bib_avail.  |f 1  |g 0  |h N  |i 0  |k 1 
TYP |a Monograph 
TYP |a Printed language 
980 |a Mạng thư viện Đại học Đà Nẵng